000 00531nam a2200181Ia 4500
008 090123s9999 xx 000 0 und d
082 _b42417
100 _aसाळोखे विकास
245 _aवचन दिले तू मला
250 _a1
260 _c2007
300 _a176
600 _aसाळोखे विकास
630 _aवचन दिले तू मला
700 _aसाळोखे विकास
730 _aवचन दिले तू मला
942 _cBOOK
999 _c80492
_d80492